[Event "SRB-chT (Women)"]
[Site "Kragujevac"]
[Date "2016.09.26"]
[Round "5.2"]
[White "Zecevic, Snezana"]
[Black "Stojadinov, Svetlana"]
[Result "0-1"]
[WhiteElo "1823"]
[BlackElo "1927"]
[PlyCount "102"]
[EventDate "2016.09.22"]
[EventType "team-tourn"]
[EventRounds "11"]
[EventCountry "SRB"]
[SourceTitle "CBM 174 Extra"]
[Source "ChessBase"]
[SourceDate "2016.10.10"]
[SourceVersion "1"]
[SourceVersionDate "2016.10.10"]
[SourceQuality "1"]
[WhiteTeam "Zlatar (W)"]
[BlackTeam "Novi Sad (W)"]
[WhiteTeamCountry "SRB"]
[BlackTeamCountry "SRB"]

1. Nf3 Nf6 2. g3 d5 3. Bg2 c6 4. 0-0 Bf5 5. d4 h6 6. b3 Nbd7 7. c4 e6 8. Bb2 Ne4 9. Nbd2 Ndf6 10. Ne5 Nxd2 11. Qxd2 a5 12. c5 Be7 13. a3 0-0 14. Rfe1 Ne4 15. Qd1 Bg5 16. e3 Be7 17. f3 Nf6 18. e4 Bh7 19. b4 Nd7 20. Nd3 Re8 21. b5 Nf8 22. bxc6 bxc6 23. Ne5 Qc7 24. Qa4 Rec8 25. exd5 cxd5 26. Qd1 Rab8 27. Bc3 Ng6 28. Ng4 Rb7 29. Qd2 Bd8 30. f4 Ne7 31. Re2 Rcb8 32. Rae1 Rb3 33. Qc1 a4 34. Bb4 h5 35. Nf2 Rb1 36. Qd2 Rxe1+ 37. Rxe1 Bg6 38. Nd3 Bf5 39. Ne5 f6 40. Nd3 Nc6 41. Nb2 Nxb4 42. axb4 a3 43. Nd3 Bxd3 44. Qxd3 Rxb4 45. Bxd5 exd5 46. Qg6 Be7 47. Qe8+ Bf8 48. c6 Rc4 49. Re6 a2 50. Re1 Qxc6 51. Qxh5 Rc1 0-1

[Event "SRB-chT (Women)"]
[Site "Kragujevac"]
[Date "2016.09.23"]
[Round "2.2"]
[White "Prudnikova, Svetlana"]
[Black "Zecevic, Snezana"]
[Result "1-0"]
[WhiteElo "2304"]
[BlackElo "1823"]
[PlyCount "67"]
[EventDate "2016.09.22"]
[EventType "team-tourn"]
[EventRounds "11"]
[EventCountry "SRB"]
[SourceTitle "CBM 174 Extra"]
[Source "ChessBase"]
[SourceDate "2016.10.10"]
[SourceVersion "1"]
[SourceVersionDate "2016.10.10"]
[SourceQuality "1"]
[WhiteTeam "Jelica PEP (W)"]
[BlackTeam "Zlatar (W)"]
[WhiteTeamCountry "SRB"]
[BlackTeamCountry "SRB"]

1. d4 Nf6 2. c4 g6 3. Nc3 Bg7 4. e4 d6 5. Nf3 Nbd7 6. Be2 c6 7. 0-0 0-0 8. Re1 e5 9. Rb1 a5 10. Be3 Re8 11. d5 Qc7 12. Nd2 Nf8 13. a3 Qe7 14. b4 axb4 15. axb4 N6d7 16. dxc6 bxc6 17. b5 cxb5 18. Nd5 Qd8 19. cxb5 Bb7 20. Nc4 Nc5 21. f3 Nfe6 22. Ndb6 Ra2 23. Nxd6 Re7 24. Nxb7 Nxb7 25. Bc4 Ra3 26. Bxe6 Rxe6 27. Qxd8+ Nxd8 28. Nd5 Re8 29. b6 Nb7 30. Rec1 Bf8 31. Rc7 Rb8 32. h4 Bd6 33. Rc6 Bf8 34. f4 1-0

[Event "SRB-chT (Women)"]
[Site "Kragujevac"]
[Date "2016.09.22"]
[Round "1.4"]
[White "Zecevic, Snezana"]
[Black "Chelushkina, Irina"]
[Result "0-1"]
[WhiteElo "1823"]
[BlackElo "2221"]
[PlyCount "60"]
[EventDate "2016.09.22"]
[EventType "team-tourn"]
[EventRounds "11"]
[EventCountry "SRB"]
[SourceTitle "CBM 174 Extra"]
[Source "ChessBase"]
[SourceDate "2016.10.10"]
[SourceVersion "1"]
[SourceVersionDate "2016.10.10"]
[SourceQuality "1"]
[WhiteTeam "Zlatar (W)"]
[BlackTeam "BAS (W)"]
[WhiteTeamCountry "SRB"]
[BlackTeamCountry "SRB"]

1. Nf3 Nf6 2. g3 d6 3. d4 c6 4. Bg2 Qc7 5. c4 e5 6. dxe5 dxe5 7. Nc3 Be6 8. Nd2 Bb4 9. Qc2 Qa5 10. Nce4 Nxe4 11. Qxe4 Nd7 12. Qc2 0-0 13. 0-0 Rac8 14. Nf3 h6 15. Nh4 b5 16. cxb5 cxb5 17. Qe4 f5 18. Qd3 e4 19. Bxe4 fxe4 20. Qxe4 Rf6 21. Nf3 Rc4 22. Qd3 Nc5 23. Qd6 Ne4 24. Qd3 Bc5 25. b3 Nxf2 26. Rxf2 Rc3 27. Qe4 Rcxf3 28. exf3 Qc3 29. Bb2 Bxf2+ 30. Kxf2 Qxb2+ 0-1

[Event "SRB-chT (Women)"]
[Site "Palic"]
[Date "2014.09.08"]
[Round "10.2"]
[White "Zecevic, Snezana"]
[Black "Zarkovic, Mila"]
[Result "0-1"]
[WhiteElo "1820"]
[BlackElo "2124"]
[PlyCount "80"]
[EventDate "2014.08.30"]
[EventType "team-tourn"]
[EventRounds "11"]
[EventCountry "SRB"]
[SourceTitle "CBM 162 Extra"]
[Source "ChessBase"]
[SourceDate "2014.10.17"]
[SourceVersion "1"]
[SourceVersionDate "2014.10.17"]
[SourceQuality "1"]
[WhiteTeam "Nova Varos (W)"]
[BlackTeam "Kac Jugovic (W)"]
[WhiteTeamCountry "SRB"]
[BlackTeamCountry "SRB"]

1. Nf3 Nf6 2. c4 e6 3. g3 d5 4. cxd5 exd5 5. d4 Be7 6. Bg2 0-0 7. 0-0 c6 8. Nc3 Nbd7 9. Re1 Nb6 10. b3 Bb4 11. Bb2 Ne4 12. Rc1 Re8 13. Ne5 Qe7 14. e3 Bf5 15. Nd3 a5 16. f3 Nf6 17. Re2 h5 18. Nc5 h4 19. a3 Bxc5 20. dxc5 Nbd7 21. Na4 Nf8 22. Qd4 h3 23. g4 Bxg4 24. fxg4 hxg2 25. g5 Nh5 26. Qh4 Ng6 27. Qxh5 Nf4 28. exf4 Qxe2 29. Qxe2 Rxe2 30. Be5 Re8 31. Nb2 R8xe5 32. fxe5 Rxb2 33. Rc3 Kf8 34. Re3 Ke7 35. h4 g6 36. h5 gxh5 37. Rh3 Ke6 38. Rxh5 d4 39. Rh3 Kxe5 40. Rg3 Kf4 0-1

[Event "SRB-chT (Women)"]
[Site "Kragujevac"]
[Date "2013.08.29"]
[Round "6.6"]
[White "Drljevic, Ljilja"]
[Black "Zecevic, Snezana"]
[Result "1-0"]
[WhiteElo "2187"]
[BlackElo "1827"]
[PlyCount "97"]
[EventDate "2013.08.24"]
[EventType "team-tourn"]
[EventRounds "11"]
[EventCountry "SRB"]
[SourceTitle "CBM 156 Extra"]
[Source "ChessBase"]
[SourceDate "2013.10.22"]
[SourceVersion "1"]
[SourceVersionDate "2013.10.22"]
[SourceQuality "1"]
[WhiteTeam "Belgrade BAS (W)"]
[BlackTeam "Nova Varos (W)"]
[WhiteTeamCountry "SRB"]
[BlackTeamCountry "SRB"]

1. e4 c5 2. d3 Nc6 3. g3 g6 4. Bg2 Bg7 5. f4 e6 6. Nf3 Nge7 7. 0-0 0-0 8. c3 b6 9. Na3 Ba6 10. Re1 Rc8 11. Nc2 d5 12. e5 Nf5 13. a4 Qe7 14. b3 Rfd8 15. Ba3 Bf8 16. b4 cxb4 17. cxb4 b5 18. g4 Nh4 19. Nfd4 Nxd4 20. Nxd4 Nxg2 21. Kxg2 Qb7 22. a5 Qe7 23. Qd2 Rc7 24. h3 Rdc8 25. Rac1 Bh6 26. g5 Bf8 27. Rxc7 Rxc7 28. Rc1 Qd8 29. Kf2 Qc8 30. Rxc7 Qxc7 31. Ke1 Qd7 32. h4 Bb7 33. h5 a6 34. h6 Be7 35. Qc3 Kf8 36. Bc1 Qc8 37. Kd2 Ke8 38. Qxc8+ Bxc8 39. Kc3 Kd7 40. Be3 Kc7 41. Nb3 Kc6 42. Bc5 Bd8 43. Bd6 Bb7 44. Nc5 Bc8 45. Kd4 Bc7 46. Bxc7 Kxc7 47. Nb3 Kc6 48. Nd2 Bb7 49. Nf1 1-0

[Event "SRB-chT2 West CS"]
[Site "Serbia"]
[Date "2011.10.15"]
[Round "10.2"]
[White "Zecevic, Snezana"]
[Black "Trpkovic, Miroljub"]
[Result "1/2-1/2"]
[WhiteElo "1793"]
[BlackElo "1958"]
[PlyCount "20"]
[EventDate "2011.09.11"]
[EventType "team"]
[EventRounds "11"]
[EventCountry "SRB"]
[SourceTitle "EXT 2015"]
[Source "ChessBase"]
[SourceDate "2014.11.20"]
[SourceVersion "1"]
[SourceVersionDate "2014.11.20"]
[SourceQuality "1"]

1. d4 e6 2. Nf3 d5 3. e3 c5 4. c3 Nc6 5. b3 Nf6 6. Bb2 Bd6 7. Be2 0-0 8. 0-0 Re8 9. Qc2 Bd7 10. Rd1 Rc8 1/2-1/2

[Event "SRB-chT (Women)"]
[Site "Valjevo"]
[Date "2011.09.01"]
[Round "6.1"]
[White "Babic, Marijana"]
[Black "Zecevic, Snezana"]
[Result "1-0"]
[WhiteElo "2147"]
[BlackElo "1793"]
[PlyCount "57"]
[EventDate "2011.08.27"]
[EventType "team-tourn"]
[EventRounds "11"]
[EventCountry "SRB"]
[SourceTitle "CBM 144 Extra"]
[Source "ChessBase"]
[SourceDate "2011.10.28"]
[SourceVersion "1"]
[SourceVersionDate "2011.10.28"]
[SourceQuality "1"]
[WhiteTeam "Belgrade Rad (W)"]
[BlackTeam "Nova Varos (W)"]
[WhiteTeamCountry "SRB"]
[BlackTeamCountry "SRB"]

1. e4 c5 2. Nf3 Nc6 3. Bb5 g6 4. Bxc6 dxc6 5. d3 Bg7 6. h3 e5 7. Nc3 Ne7 8. Be3 b6 9. Qd2 f6 10. 0-0-0 Be6 11. Ng1 0-0 12. f4 f5 13. fxe5 fxe4 14. Nxe4 Bxe5 15. Bh6 Bg7 16. Bxg7 Kxg7 17. Nf3 Nf5 18. Kb1 Bd5 19. Qc3+ Kg8 20. h4 Ne3 21. Rdg1 Bxe4 22. dxe4 Ng4 23. h5 Qf6 24. e5 Qe6 25. hxg6 hxg6 26. Ng5 Qxe5 27. Qc4+ Qd5 28. Qxg4 Qd4 29. Qe6+ 1-0

[Event "SRB-chT (Women)"]
[Site "Pozarevac"]
[Date "2009.09.19"]
[Round "6"]
[White "Mladenovic, Jelena"]
[Black "Zecevic, Snezana"]
[Result "1-0"]
[WhiteElo "2150"]
[BlackElo "1819"]
[PlyCount "53"]
[EventDate "2009.09.14"]
[EventType "team-tourn"]
[EventRounds "9"]
[EventCountry "YUG"]
[SourceTitle "CBM 132 Extra"]
[Source "ChessBase"]
[SourceDate "2009.11.03"]
[SourceVersion "1"]
[SourceVersionDate "2009.11.03"]
[SourceQuality "1"]

1. e4 c5 2. Nf3 Nc6 3. Bb5 g6 4. Bxc6 dxc6 5. d3 Bg7 6. h3 Nf6 7. Nc3 0-0 8. Be3 b6 9. Qd2 Ba6 10. Bh6 Qc7 11. Nh2 Rfd8 12. Ng4 Nh5 13. Bxg7 Nxg7 14. Nh6+ Kf8 15. Qe3 Qd6 16. 0-0-0 Qe6 17. f4 Qf6 18. Rhf1 e6 19. g4 Rd7 20. e5 Qh4 21. f5 c4 22. dxc4 Rxd1+ 23. Rxd1 g5 24. Nxf7 Kxf7 25. Rd7+ Kg8 26. f6 Ne8 27. f7+ 1-0

[Event "SRB-chT (Women)"]
[Site "Pozarevac"]
[Date "2009.09.15"]
[Round "2"]
[White "Zivkovic, Vesna"]
[Black "Zecevic, Snezana"]
[Result "1-0"]
[WhiteElo "2122"]
[BlackElo "1819"]
[PlyCount "51"]
[EventDate "2009.09.14"]
[EventType "team-tourn"]
[EventRounds "9"]
[EventCountry "YUG"]
[SourceTitle "CBM 132 Extra"]
[Source "ChessBase"]
[SourceDate "2009.11.03"]
[SourceVersion "1"]
[SourceVersionDate "2009.11.03"]
[SourceQuality "1"]

1. d4 Nf6 2. Nf3 g6 3. g3 Bg7 4. Bg2 d6 5. 0-0 0-0 6. c4 Nbd7 7. Nc3 e5 8. e4 a5 9. dxe5 dxe5 10. Be3 b6 11. h3 Bb7 12. Qc2 c6 13. Rfd1 Qc7 14. Rac1 Rfd8 15. Na4 Rab8 16. Nxe5 Nxe5 17. Bxb6 Rxd1+ 18. Rxd1 Qe7 19. Bc5 Qe6 20. Bd6 Rd8 21. Nc5 Qxc4 22. Qxc4 Nxc4 23. Nxb7 Rd7 24. e5 Rxb7 25. exf6 Nxb2 26. Re1 1-0

[Event "SRB-ch U18 Girls"]
[Site "Divcibare"]
[Date "2009.08.02"]
[Round "7"]
[White "Zecevic, Snezana"]
[Black "Miladinovic, Lena"]
[Result "0-1"]
[WhiteElo "1819"]
[BlackElo "2026"]
[PlyCount "76"]
[EventDate "2009.07.27"]
[EventType "tourn"]
[EventRounds "9"]
[EventCountry "SRB"]
[SourceTitle "EXT 2012"]
[Source "ChessBase"]
[SourceDate "2011.11.24"]
[SourceVersion "1"]
[SourceVersionDate "2011.11.24"]
[SourceQuality "1"]

1. d4 Nf6 2. Nf3 e6 3. Bf4 c5 4. c3 Nc6 5. e3 Nh5 6. Bg3 Nxg3 7. hxg3 d5 8. Bd3 g6 9. Nbd2 Qd6 10. Ng5 h6 11. Ngf3 Bg7 12. Qc2 Bd7 13. 0-0-0 cxd4 14. exd4 Rc8 15. Nb3 Nb4 16. Qd2 Ba4 17. Kb1 Nxd3 18. Qxd3 Bxb3 19. axb3 a6 20. Rde1 b5 21. Ne5 0-0 22. f4 b4 23. c4 dxc4 24. bxc4 Qc7 25. c5 a5 26. g4 Rfd8 27. Qe3 a4 28. g5 h5 29. g4 hxg4 30. Nxg4 Bxd4 31. Qh3 Qxc5 32. Rh2 Qf5+ 33. Ka1 Qxf4 34. Nh6+ Kg7 35. Nf5+ Qxf5 36. Qh6+ Kg8 37. Reh1 Qe5 38. Qh4 a3 0-1

[Event "SRB-ch U18 Girls"]
[Site "Divcibare"]
[Date "2009.07.31"]
[Round "5"]
[White "Zecevic, Snezana"]
[Black "Tomin, Ksenija"]
[Result "0-1"]
[WhiteElo "1819"]
[BlackElo "1795"]
[PlyCount "117"]
[EventDate "2009.07.27"]
[EventType "tourn"]
[EventRounds "9"]
[EventCountry "SRB"]
[SourceTitle "EXT 2012"]
[Source "ChessBase"]
[SourceDate "2011.11.24"]
[SourceVersion "1"]
[SourceVersionDate "2011.11.24"]
[SourceQuality "1"]

1. d4 Nf6 2. Nf3 g6 3. Bf4 Bg7 4. e3 d6 5. h3 0-0 6. Be2 c5 7. c3 Be6 8. 0-0 Qb6 9. Qc1 Nc6 10. Na3 Rac8 11. Re1 Nd5 12. Bg3 cxd4 13. exd4 Nf6 14. Nc2 a6 15. Rd1 d5 16. Bd3 Bd7 17. Rb1 Qa5 18. a3 Qd8 19. Ne5 Be6 20. Nxc6 Rxc6 21. Qe3 Qd7 22. Qf3 Ne8 23. Rd2 Bf6 24. Bf4 Ng7 25. g4 Ne8 26. Qg3 g5 27. Be3 Kh8 28. Ne1 h5 29. f4 h4 30. Qf2 gxf4 31. Qxf4 Bg7 32. Qg5 Nf6 33. Qxh4+ Kg8 34. g5 Ne4 35. Rh2 Bf5 36. Qf4 Bxh3 37. Be2 Bf5 38. Qh4 Qe6 39. Bg4 Qg6 40. Bxf5 Qxf5 41. Ng2 e5 42. Rf1 Qg6 43. Ne1 f5 44. dxe5 Bxe5 45. Rh3 Kf7 46. Qh7+ Qxh7 47. Rxh7+ Kg6 48. Rh6+ Kg7 49. Rxc6 bxc6 50. Nf3 Bg3 51. Nd4 Kg6 52. Nxc6 f4 53. Bb6 Kxg5 54. Nb4 Rh8 55. Nxd5 Nd2 56. Rd1 Rh2 57. Bd8+ Kg4 58. Nb4 Nf3+ 59. Kf1 0-1

[Event "SRB-ch U18 Girls"]
[Site "Divcibare"]
[Date "2009.07.29"]
[Round "3"]
[White "Zecevic, Snezana"]
[Black "Dizdarevic, Barbara"]
[Result "1-0"]
[WhiteElo "1819"]
[BlackElo "1869"]
[PlyCount "69"]
[EventDate "2009.07.27"]
[EventType "tourn"]
[EventRounds "9"]
[EventCountry "SRB"]
[SourceTitle "EXT 2012"]
[Source "ChessBase"]
[SourceDate "2011.11.24"]
[SourceVersion "1"]
[SourceVersionDate "2011.11.24"]
[SourceQuality "1"]

1. d4 d5 2. Nf3 Nf6 3. Bf4 c5 4. c3 Nc6 5. e3 Qb6 6. Qd2 Bf5 7. dxc5 Qxc5 8. Nd4 Ne4 9. Qe2 Nxd4 10. exd4 Qc6 11. g4 Bg6 12. Nd2 Nxd2 13. Bxd2 e6 14. Bg2 Be7 15. 0-0 0-0 16. f4 Qd7 17. f5 exf5 18. gxf5 Bxf5 19. Rxf5 Qxf5 20. Qxe7 Qc2 21. Qe1 Rfe8 22. Qd1 Qg6 23. Qf3 Rad8 24. Rf1 Rd6 25. Bf4 Rd7 26. Kh1 h6 27. Bg3 b6 28. Bh3 Rde7 29. Qxd5 Qd3 30. Bg2 Qg6 31. Qb5 Re2 32. Bd5 Kh7 33. Be5 Qh5 34. Qxe8 Qh3 35. Qxf7 1-0

[Event "SRB-ch U18 Girls"]
[Site "Divcibare"]
[Date "2009.07.28"]
[Round "2"]
[White "Vince, Andrea"]
[Black "Zecevic, Snezana"]
[Result "1-0"]
[WhiteElo "2092"]
[BlackElo "1819"]
[PlyCount "55"]
[EventDate "2009.07.27"]
[EventType "tourn"]
[EventRounds "9"]
[EventCountry "SRB"]
[SourceTitle "EXT 2012"]
[Source "ChessBase"]
[SourceDate "2011.11.24"]
[SourceVersion "1"]
[SourceVersionDate "2011.11.24"]
[SourceQuality "1"]

1. d4 Nf6 2. c4 g6 3. Nc3 Bg7 4. e4 d6 5. Be2 Nbd7 6. Nf3 0-0 7. 0-0 e5 8. Be3 c6 9. Re1 exd4 10. Nxd4 Nc5 11. f3 a5 12. Qd2 Qe7 13. Rad1 Rd8 14. Nxc6 bxc6 15. Bxc5 Ne8 16. Bd4 Bxd4+ 17. Qxd4 Qg5 18. g3 Be6 19. f4 Qe7 20. b3 h5 21. Bf3 Qd7 22. f5 gxf5 23. Bxh5 Ng7 24. Bf3 fxe4 25. Nxe4 Ne8 26. Nf6+ Nxf6 27. Qxf6 Re8 28. Rd4 1-0

[Event "Senta op-B 13th"]
[Site "Senta"]
[Date "2009.07.19"]
[Round "3"]
[White "Zecevic, Snezana"]
[Black "Davidovic, Zoran"]
[Result "0-1"]
[WhiteElo "1819"]
[BlackElo "1976"]
[PlyCount "66"]
[EventDate "2009.07.18"]
[EventType "swiss"]
[EventRounds "9"]
[EventCountry "YUG"]
[SourceTitle "EXT 2012"]
[Source "ChessBase"]
[SourceDate "2011.11.24"]
[SourceVersion "1"]
[SourceVersionDate "2011.11.24"]
[SourceQuality "1"]

1. d4 e6 2. Nf3 Nf6 3. Bf4 Bd6 4. Bg3 b6 5. e3 Bb7 6. Nbd2 Bxg3 7. hxg3 d6 8. Be2 Nbd7 9. c4 Qe7 10. Rc1 e5 11. d5 a5 12. a3 a4 13. Qc2 Nc5 14. Nh4 Bc8 15. Nf5 Bxf5 16. Qxf5 g6 17. Qc2 Qd7 18. Nb1 Nfe4 19. Bf3 f5 20. g4 Ng5 21. gxf5 Nxf3+ 22. gxf3 Qxf5 23. Qxf5 gxf5 24. Ke2 Kf7 25. Rcg1 Rag8 26. Rxg8 Kxg8 27. Rh5 Kg7 28. Rxf5 Kg6 29. e4 Nb3 30. Nc3 Nd4+ 31. Ke3 Nxf5+ 32. exf5+ Kxf5 33. Nxa4 h5 0-1

[Event "Senta op-B 13th"]
[Site "Senta"]
[Date "2009.07.18"]
[Round "1"]
[White "Zecevic, Snezana"]
[Black "Radovanovic, Milan"]
[Result "0-1"]
[WhiteElo "1819"]
[BlackElo "2128"]
[PlyCount "86"]
[EventDate "2009.07.18"]
[EventType "swiss"]
[EventRounds "9"]
[EventCountry "YUG"]
[SourceTitle "EXT 2012"]
[Source "ChessBase"]
[SourceDate "2011.11.24"]
[SourceVersion "1"]
[SourceVersionDate "2011.11.24"]
[SourceQuality "1"]

1. d4 Nf6 2. Nf3 g6 3. Bf4 Bg7 4. e3 0-0 5. h3 d6 6. Be2 c5 7. c3 b6 8. Nbd2 Ba6 9. 0-0 Bxe2 10. Qxe2 Nc6 11. Rac1 Rc8 12. Rfd1 Qc7 13. Nb3 Qb7 14. d5 Nb8 15. e4 Nbd7 16. Re1 c4 17. Nbd2 b5 18. b3 cxb3 19. axb3 a5 20. Nd4 Nc5 21. Nxb5 Nfxe4 22. Nxe4 Nxe4 23. c4 Nc5 24. Qe3 Qd7 25. Bg5 Rfe8 26. Rb1 e5 27. Qd2 Ra8 28. Be3 Ne4 29. Qc2 f5 30. f3 Nf6 31. Bb6 Rab8 32. Bxa5 Rxb5 33. cxb5 Qa7+ 34. Kh1 Qxa5 35. Qc6 Qb4 36. g4 fxg4 37. hxg4 Rb8 38. Rec1 Qf4 39. Kg2 e4 40. g5 exf3+ 41. Kf1 Qxg5 42. Rc2 Ne4 43. Re1 Bd4 0-1